Britain / (Record no. 8469)
[ view plain ]
| 000 -LEADER | |
|---|---|
| fixed length control field | 01066nam a2200313 a 4500 |
| 001 - CONTROL NUMBER | |
| JCCL Control Number | 8469 |
| 003 - CONTROL NUMBER IDENTIFIER | |
| JCCL marc code | BD-JhCC |
| 005 - DATE AND TIME OF LATEST TRANSACTION | |
| control field | 20180925174548.0 |
| 008 - FIXED-LENGTH DATA ELEMENTS--GENERAL INFORMATION | |
| fixed length control field | 930507s1992 enkab f001 0 eng |
| 020 ## - INTERNATIONAL STANDARD BOOK NUMBER | |
| International Standard Book Number | 0116913614 : |
| Terms of availability | £13.80 |
| 035 ## - SYSTEM CONTROL NUMBER | |
| system control number | (BD-JhCC) |
| 040 ## - CATALOGING SOURCE | |
| Original cataloging agency | DLC |
| Transcribing agency | DLC |
| Modifying agency | BD-JhCC |
| 041 ## - LANGUAGE CODE | |
| Language code of Book | eng |
| 050 00 - LIBRARY OF CONGRESS CALL NUMBER | |
| Classification number | HA1124 |
| Item number | 1991a |
| 082 00 - DEWEY DECIMAL CLASSIFICATION NUMBER | |
| Classification number | 304.6 |
| DDC Edition number | 20 |
| Author mark and Year | BRI 1992 |
| 245 00 - TITLE STATEMENT | |
| Title | Britain / |
| Remainder of title | laid before Parliament pursuant to Section 4(1) Census Act 1920 / |
| Statement of responsibility, etc | Office of Population Censuses and Surveys, General Register Office for Scotland. |
| 260 ## - PUBLICATION, DISTRIBUTION, ETC. (IMPRINT) | |
| Place of publication, distribution, etc | London : |
| Name of publisher, distributor, etc | HMSO, |
| Date of publication, distribution, etc | 1992. |
| 300 ## - PHYSICAL DESCRIPTION | |
| Pagination | 584 p. : |
| Other physical details | ill., maps ; |
| Dimensions | 30 cm. |
| 500 ## - GENERAL NOTE | |
| General note | "CEN 91 DEF"--Spine. |
| 500 ## - GENERAL NOTE | |
| General note | "A publication of the Government Statistical Service"--Cover. |
| 500 ## - GENERAL NOTE | |
| General note | Includes index. |
| 651 #0 - SUBJECT ADDED ENTRY--GEOGRAPHIC NAME | |
| Geographic name | Great Britain |
| General subdivision | Census, 1991 |
| -- | Methodology. |
| 710 2# - ADDED ENTRY--CORPORATE NAME | |
| Corporate name or jurisdiction name as entry element | Great Britain. |
| Subordinate unit | Office of Population Censuses and Surveys. |
| 710 2# - ADDED ENTRY--CORPORATE NAME | |
| Corporate name or jurisdiction name as entry element | Great Britain. |
| Subordinate unit | General Register Office (Scotland) |
| 740 0# - | |
| Uncontrolled related/analytical title | 1991 census. |
| 740 0# - | |
| Uncontrolled related/analytical title | CEN 91 DEF. |
| 942 ## - ADDED ENTRY ELEMENTS (KOHA) | |
| Source of classification or shelving scheme | Dewey Decimal Classification |
| Koha item type | Books |
| Source of classification or shelving scheme | Damaged status | Not for loan | Home library | Current library | Shelving location | Total Checkouts | Full call number | Barcode | Date last seen | Copy number | Koha item type |
|---|---|---|---|---|---|---|---|---|---|---|---|
| Dewey Decimal Classification | JCC Rouf Library | JCC Rouf Library | General Stacks | 304.6 BRI 1992 | 10940 | 02/25/2018 | C - 1 | Books |